Представление документа в формате RUSMARC

ПолеНазваниеЗначение
  Тип записи c
  Библиографический уровень m
001 Контрольный номер RU/УОНБ/EK_N/573043463
005 Дата корректировки 20240130235007.5
100 Данные общей обработки __
a Данные общей обработки 20180227d2016 u y0rusy0189||||ca
101 Язык документа 0_
a Язык текста rus
f Язык титульного листа rus
102 Страна публикации __
a Страна публикации RU
105 Кодированные данные (монография) __
a Кодированные данные (монография) y###||||000|y
200 Заглавие и сведения об ответственности 1_
a Заглавие Золотые хиты
b Общее обозначение материала Ноты
e Сведения, относящиеся к заглавию для фп.
e Сведения, относящиеся к заглавию оригинал. произведения и облегч. переложения
f Первые сведения об ответственности сост. Н. Сазонова
210 Выходные данные 1_
a Место издания Ростов-на-Дону
c Издательство Феникс
d Дата издания 2016 -
215 Физическое описание __
d Формат 29 см
225 Серия 1_
a Серия Любимые мелодии
300 Общие примечания __
a Общие примечания [С предисл.]
512 Заглавие обложки 1_
a Заглавие обложки Золотые хиты
686 Индексы других классификаций __
a Классификационный индекс 85
2 Код системы rubbk
702 Вторичная интеллектуальная ответственность _1
a Фамилия Сазонова
b Имя (инициалы) Н.
4 Код отношения 220
801 Источник записи _0
a Страна RU
b Организация Ульяновская ОНБ
c Дата составления 20180227
g Правила каталогизации RCR
801 Источник записи _1
a Страна RU
b Организация Ульяновская ОНБ
c Дата составления 20180227
g Правила каталогизации RCR
901 Тип документа __
t Тип документа v
909 Создатель записи __
a Создатель записи Лобина Л. И.
938 Служебная информация __
a Имя БД noti
b Имя библиотеки УОНБ
c Имя АИБС МАРК-SQL
d Номер DOC_ID в БД 17846